The outline of history

Zapisane w:
Opis bibliograficzny
1. autor: Wells, H.G
Format: Książka
Język:Undetermined
Wydane: New York, Estados Unidos The Review of Reviews Co. 1922
Hasła przedmiotowe:
Etykiety: Dodaj etykietę
Nie ma etykietki, Dołącz pierwszą etykiete!

MARC

LEADER 00000nam a2200000Ia 4500
008 170316s9999 xx 000 0 und d
040 |a cru BVZT 
090 |a 810 W-15o 
100 |a Wells, H.G. 
245 4 |a The outline of history 
260 |a New York, Estados Unidos 
260 |b The Review of Reviews Co. 
260 |c 1922 
300 |a 1072 páginas 
650 |a LITERATURA ESTADOUNIDENSE 
999 |c 6241  |d 6241 
942 |c 15 D  |h 810 W-15o  |2 z